000 00294nam a22001337a 4500
008 190305b xxu||||| |||| 00| 0 eng d
020 _a9781848660687
041 _aeng
080 _a510
100 _a36
101 _aMAT
245 _aThe Story of Mathematics
_cStewart,I
942 _2udc
_cBK
999 _c54500
_d54500